| 000 | 02187cam a22002651i 4500 | ||
|---|---|---|---|
| 003 | SA_RiAUC | ||
| 005 | 20250809042133.0 | ||
| 008 | 250806s2012 ua g 000 0 ara c | ||
| 040 |
_aSA-JeALM _bara _cSA-RiAUC _dKAC _erda |
||
| 082 | 0 | 4 |
_a257.1 _qSA-RiAUC |
| 090 |
_a257.1 _bا ح م |
||
| 100 | 1 |
_aأحمد، فؤاد عبد المنعم، _d1941- _eمؤلف. |
|
| 245 | 1 | 0 |
_aبحوث في السياسة الشرعية والقضايا المعاصرة / _cالأستاذ الدكتور فؤاد عبد المنعم أحمد. |
| 264 | 1 |
_aالإسكندرية، مصر : _bدار المطبوعات الجامعية، _c2012. |
|
| 300 |
_a948 صفحة ؛ _c24 سم |
||
| 336 |
_aنص _btxt _2rdacontent _3كتاب |
||
| 337 |
_aبدون وسيط _bn _2rdamedia |
||
| 338 |
_aمجلد _bnc _2rdacarrier |
||
| 504 | _aببليوجرافية : صفحة 942-948. | ||
| 520 | _aهذه المجموعة من أبحاث في السياسة الشرعية وقضايا معاصرة تتضمن ما يلي : السياسة الشرعية وعلاقتها بالتنمية الاقتصادية وتطبيقاتها المعاصرة، الإرهاب وصوره وتعويض ضحاياه بين الشريعة والقانون، البصمة الوراثية ودورها في الإثبات الجنائي بين الشريعة والقانون، الحسبة في النظام الأساسي للحكم في المملكة العربية السعودية، حقوق المسنين وواجباتهم بين الشريعة الإسلامية والقانون الوضعي، رعاية البيئة بين هدى الإسلام ووثيقة حقوق الإنسان، معاملة السجينات في ضوء الشريعة الإسلامية والنظام السعودي، نقل الأعضاء من الحيوانات للإنسان وموقف الشريعة منها، نقل عبء الإثبات في جرائم غسيل الأموال في الشريعة والقانون. | ||
| 650 | 7 |
_aالنظام السياسي في الإسلام _xبحوث _2aucsh |
|
| 650 | 7 |
_aالإسلام والسياسة _xبحوث _2aucsh |
|
| 942 |
_2ddc _cBOOK _n0 |
||
| 949 |
_aSA-JeALM _d250806 _uosman123 _n1 |
||
| 999 |
_c10685 _d10685 |
||